[Event "17. Šahovski festival "]
[Site "Senta"]
[Date "2013.07.15"]
[Round "4.13"]
[White "Simonyi, Zoltan"]
[Black "Djuza, Zivko"]
[Result "1/2-1/2"]
[WhiteElo "2220"]
[BlackElo "2063"]
[PlyCount "157"]
[EventDate "2013.07.13"]

1. c4 Nf6 2. g3 c5 3. Bg2 e6 4. Nf3 Nc6 5. O-O Be7 6. d4 cxd4 7. Nxd4 d5 8. Nc3
O-O 9. Be3 Re8 10. Rc1 h6 11. cxd5 exd5 12. Qd2 Bf8 13. Rfd1 Bg4 14. h3 Be6 15.
Kh2 Qd7 16. Ncb5 Rac8 17. Nxe6 fxe6 18. Nxa7 Nxa7 19. Bxa7 Qa4 20. Qe3 Rxc1 21.
Rxc1 Qxa2 22. Rc7 Qxb2 23. Bd4 Qa3 24. Qxa3 Bxa3 25. Rxb7 e5 26. Bb6 Re7 27.
Rxe7 Bxe7 28. Bc7 e4 29. e3 Kf7 30. Bf1 Ke6 31. Ba6 Bd6 32. Bc8+ Ke7 33. Bb6
Be5 34. Bc5+ Kf7 35. Kg2 Bc3 36. Kf1 Ne8 37. Ke2 g6 38. Bd7 Nf6 39. Bc8 Ne8 40.
Kd1 Nf6 41. Bd6 h5 42. Bf4 Ng8 43. g4 hxg4 44. Bxg4 Nf6 45. Bc8 Nh5 46. Bd6 Nf6
47. Bc5 g5 48. Ke2 Kg6 49. Be6 Kg7 50. Kf1 Kg6 51. Kg2 Kg7 52. Kg3 Be5+ 53. Kg2
Bc3 54. Bd6 Kg6 55. Bb8 Kg7 56. Ba7 Kg6 57. Bb6 Kg7 58. Kf1 Kg6 59. Ke2 Kg7 60.
Kd1 Kg6 61. Bc7 Kg7 62. Bg3 Kg6 63. Kc2 Be1 64. Kd1 Bc3 65. Bd6 Kg7 66. Bc5 Kg6
67. Bb6 Kg7 68. Bd4 Bxd4 69. exd4 Kf8 70. Kd2 Ke7 71. Bf5 Kd6 72. Ke3 Kc6 73.
f3 exf3 74. Kxf3 Kb5 75. Kg3 Kc4 76. h4 gxh4+ 77. Kxh4 Ne4 78. Be6 Kxd4 79.
Bxd5 1/2-1/2

[Event "17. Šahovski festival "]
[Site "Senta"]
[Date "2013.07.15"]
[Round "4.14"]
[White "Nagy, Attila N"]
[Black "Kaszas, Viktor"]
[Result "1-0"]
[WhiteElo "2206"]
[BlackElo "2040"]
[PlyCount "63"]
[EventDate "2013.07.13"]

1. c4 g6 2. Nc3 Bg7 3. d4 Nf6 4. e4 d6 5. h3 O-O 6. Bg5 a6 7. Nf3 c5 8. d5 Nbd7
9. Bd3 b5 10. O-O bxc4 11. Bxc4 Rb8 12. Rb1 Qa5 13. Re1 Nb6 14. Bb3 Bb7 15. Bd2
Nbd7 16. Ne2 Qc7 17. Ng3 Nb6 18. Rc1 Nfd7 19. Bc3 Bh6 20. Rc2 Ne5 21. Nxe5 dxe5
22. Bd2 Bxd2 23. Qxd2 Qd6 24. Rec1 c4 25. Bxc4 Nxc4 26. Rxc4 e6 27. Qh6 Rbd8
28. Rc7 Rd7 29. Nh5 gxh5 30. R1c3 f6 31. Rg3+ Kf7 32. Rg7+ 1-0

[Event "17. Šahovski festival "]
[Site "Senta"]
[Date "2013.07.15"]
[Round "4.15"]
[White "Korponai, Akos"]
[Black "Domany, Zsofia"]
[Result "1/2-1/2"]
[WhiteElo "1786"]
[BlackElo "2158"]
[PlyCount "57"]
[EventDate "2013.07.13"]

1. d4 d5 2. Nf3 Nf6 3. g3 e6 4. Bg2 Be7 5. O-O O-O 6. c4 dxc4 7. Ne5 Nc6 8.
Bxc6 bxc6 9. Nxc6 Qd6 10. Nxe7+ Qxe7 11. Qa4 c5 12. Qc6 Bb7 13. Qxc5 Qxc5 14.
dxc5 Rfc8 15. Na3 Ba6 16. Bd2 Rxc5 17. Bc3 Ne4 18. Rfc1 Rd8 19. Kf1 Rh5 20. Kg1
h6 21. Rc2 Rdd5 22. Be1 Rd4 23. Rac1 Rhd5 24. Nxc4 Rd1 25. Ne3 Rxc1 26. Rxc1
Rd7 27. f3 Nf6 28. Kf2 Nd5 29. Nxd5 1/2-1/2

[Event "17. Šahovski festival "]
[Site "Senta"]
[Date "2013.07.15"]
[Round "4.16"]
[White "Suc, Timothy"]
[Black "Bejatovic, Bojana"]
[Result "1/2-1/2"]
[WhiteElo "2137"]
[BlackElo "2002"]
[PlyCount "57"]
[EventDate "2013.07.13"]

1. d4 d5 2. Bg5 Nf6 3. Bxf6 exf6 4. e3 Bd6 5. c4 c6 6. cxd5 Bb4+ 7. Nc3 Qxd5 8.
Nge2 Qa5 9. a3 Be7 10. Ng3 Be6 11. Bd3 Nd7 12. O-O h5 13. b4 Qg5 14. f4 Qh6 15.
Rc1 g6 16. e4 h4 17. Nh1 Bd6 18. d5 cxd5 19. f5 Qe3+ 20. Nf2 h3 21. Qf3 Qxf3
22. gxf3 gxf5 23. exd5 Rg8+ 24. Kh1 Rg2 25. dxe6 Rxh2+ 26. Kg1 Rg2+ 27. Kh1
Rh2+ 28. Kg1 Rg2+ 29. Kh1 1/2-1/2

[Event "17. Šahovski festival "]
[Site "Senta"]
[Date "2013.07.15"]
[Round "4.17"]
[White "Sente, Damir"]
[Black "Kovacs, Arthur"]
[Result "1-0"]
[WhiteElo "2082"]
[BlackElo "1995"]
[PlyCount "110"]
[EventDate "2013.07.13"]

1. Nf3 d5 2. d4 Nf6 3. c4 e6 4. Nc3 Be7 5. Bg5 h6 6. Bxf6 Bxf6 7. e3 O-O 8. Rc1
c6 9. Bd3 Nd7 10. O-O dxc4 11. Bxc4 e5 12. Ne4 exd4 13. Nxf6+ Qxf6 14. Qxd4
Qxd4 15. Nxd4 Nb6 16. Bb3 Rd8 17. Rfd1 Kf8 18. e4 Ke7 19. f3 Bd7 20. Kf2 Rac8
21. Rc5 Be6 22. Nxe6 Rxd1 23. Bxd1 Kxe6 24. Bb3+ Ke7 25. Re5+ Kf8 26. Rc5 Ke7
27. Ke3 Rd8 28. Ra5 a6 29. Rf5 f6 30. Rc5 Nd7 31. Rc3 Ne5 32. h3 g5 33. g3 h5
34. f4 Ng6 35. fxg5 Ne5 36. gxf6+ Kxf6 37. Bc2 Rd7 38. Rc5 Rd8 39. Rc3 Rd7 40.
Bb3 Rd8 41. Bc4 b5 42. Be2 Rg8 43. g4 hxg4 44. hxg4 Ke6 45. Kf4 a5 46. g5 Rf8+
47. Kg3 Rg8 48. Bg4+ Kd6 49. Kf4 c5 50. Bf5 c4 51. Rg3 Nd3+ 52. Ke3 Ke5 53. Rg2
Nc5 54. g6 b4 55. g7 Ne6 1-0

[Event "17. Šahovski festival "]
[Site "Senta"]
[Date "2013.07.15"]
[Round "4.18"]
[White "Markovic, Aleksandar"]
[Black "Agoston, Aron"]
[Result "1-0"]
[WhiteElo "2111"]
[BlackElo "2162"]
[PlyCount "67"]
[EventDate "2013.07.13"]

1. e4 e5 2. Nf3 Nc6 3. d4 exd4 4. c3 dxc3 5. Nxc3 Bb4 6. Bc4 d6 7. O-O Bxc3 8.
bxc3 Nf6 9. e5 Nxe5 10. Nxe5 dxe5 11. Qb3 Qe7 12. Ba3 c5 13. Bb5+ Kf8 14. Rfe1
Bf5 15. Rad1 Rc8 16. c4 Ne8 17. Rd5 f6 18. Qf3 g6 19. g4 Be6 20. Rdxe5 Ng7 21.
g5 f5 22. Qe3 Kf7 23. Bxc5 Qc7 24. Rxe6 Qxc5 25. Re7+ Kf8 26. Qxc5 Rxc5 27.
Rxb7 Rc8 28. Ree7 Nh5 29. c5 Rd8 30. Rf7+ Kg8 31. Bc4 Rd1+ 32. Kg2 Nf4+ 33. Kf3
Nd5 34. Rfd7 1-0

[Event "17. Šahovski festival "]
[Site "Senta"]
[Date "2013.07.16"]
[Round "5.4"]
[White "Leskur, Dejan"]
[Black "Vucinic, Gojko"]
[Result "1-0"]
[WhiteElo "2391"]
[BlackElo "2252"]
[PlyCount "54"]
[EventDate "2013.07.13"]

1. e4 c5 2. Nf3 d6 3. d4 cxd4 4. Nxd4 Nf6 5. f3 e5 6. Nb3 Be6 7. c4 a5 8. Be3
a4 9. N3d2 Be7 10. Be2 O-O 11. Na3 Qa5 12. O-O Bd8 13. Qe1 Bb6 14. Qf2 Bxe3 15.
Qxe3 Nc6 16. Nb5 Rfd8 17. Rfd1 Rac8 18. Nb1 Nb4 19. N1a3 Rc6 20. Kh1 Na6 21.
Rd2 Nc7 22. Nc3 Nd7 23. Nd5 Re8 24. Nxc7 Qxc7 25. Nb5 Qb8 26. Rad1 Nb6 27. Nxd6
Rd8 1-0

[Event "17. Šahovski festival "]
[Site "Senta"]
[Date "2013.07.16"]
[Round "5.7"]
[White "Dragovic, Momcilo"]
[Black "Cica, Dragan"]
[Result "1-0"]
[WhiteElo "2387"]
[BlackElo "2063"]
[PlyCount "105"]
[EventDate "2013.07.13"]

1. e4 c5 2. d3 g6 3. Be3 d6 4. f4 Bg7 5. c3 Nc6 6. Nf3 e6 7. Nbd2 Nge7 8. Be2
O-O 9. O-O b6 10. Qe1 d5 11. Bf2 f5 12. e5 h6 13. Bh4 Kh7 14. Qg3 Rh8 15. Rfe1
Qe8 16. Bd1 Ba6 17. Bc2 Rb8 18. a3 Rc8 19. Bf6 Kg8 20. Rac1 Kf7 21. Bh4 Qd7 22.
Rcd1 Rcg8 23. Re2 Rc8 24. Rde1 Rcg8 25. Bf6 Bxf6 26. exf6 Kxf6 27. Ba4 b5 28.
Nb3 Qd6 29. Ng5 Nd8 30. Rxe6+ Nxe6 31. Rxe6+ Qxe6 32. Nxe6 Kxe6 33. Qe3+ Kf7
34. Nxc5 Bc8 35. Bxb5 g5 36. d4 gxf4 37. Qxf4 Rg4 38. Qc7 Rhg8 39. Bf1 f4 40.
Nd3 R4g5 41. Ne5+ Kf6 42. c4 Be6 43. c5 Nf5 44. Nf3 Rg4 45. h3 Rg3 46. Qe5+ Ke7
47. Kf2 Ne3 48. Qd6+ Kf7 49. Qxf4+ Nf5 50. Nh4 R8g5 51. Nxf5 Rxg2+ 52. Bxg2
Rxf5 53. Qxf5+ 1-0

[Event "17. Šahovski festival "]
[Site "Senta"]
[Date "2013.07.16"]
[Round "5.10"]
[White "Sakic, Lorand"]
[Black "Stanojevic, Branko"]
[Result "0-1"]
[WhiteElo "1971"]
[BlackElo "2302"]
[PlyCount "54"]
[EventDate "2013.07.13"]

1. e4 e6 2. d4 d5 3. Nc3 Bb4 4. a3 Bxc3+ 5. bxc3 dxe4 6. Qg4 Nf6 7. Qxg7 Rg8 8.
Qh6 b6 9. g3 Bb7 10. Bg2 Rg6 11. Qh4 Qd5 12. Ne2 Qc4 13. Bb2 Qb5 14. Bc1 Nbd7
15. Nf4 Rg4 16. Qh6 O-O-O 17. Bd2 Ba6 18. Bf1 Qa4 19. Bxa6+ Qxa6 20. h3 Rgg8
21. g4 e5 22. Ne2 Rg6 23. Qe3 h6 24. Ng3 Qa4 25. Rc1 Qxa3 26. Nxe4 exd4 27.
Qxd4 Nxe4 0-1

[Event "17. Šahovski festival "]
[Site "Senta"]
[Date "2013.07.16"]
[Round "5.11"]
[White "Manojlovic, Sava"]
[Black "Farkas, Tibor"]
[Result "1/2-1/2"]
[WhiteElo "2127"]
[BlackElo "2250"]
[PlyCount "20"]
[EventDate "2013.07.13"]

1. d4 Nf6 2. Nf3 g6 3. Bg5 Bg7 4. Nbd2 O-O 5. e3 d6 6. Be2 Nbd7 7. O-O h6 8.
Bh4 g5 9. Bg3 Nh5 10. Ne1 Nxg3 1/2-1/2

[Event "17. Šahovski festival "]
[Site "Senta"]
[Date "2013.07.16"]
[Round "5.12"]
[White "Vranic, Ljubomir"]
[Black "Sente, Damir"]
[Result "0-1"]
[WhiteElo "2225"]
[BlackElo "2082"]
[PlyCount "84"]
[EventDate "2013.07.13"]

1. d4 Nf6 2. c4 g6 3. Nc3 Bg7 4. e4 d6 5. Bd3 O-O 6. Nge2 e5 7. h3 Nbd7 8. d5
Nc5 9. Bc2 a5 10. Bg5 h6 11. Be3 Na6 12. a3 c6 13. g4 cxd5 14. exd5 Bd7 15. Na4
b5 16. cxb5 Bxb5 17. Nec3 Rb8 18. Qc1 Bc4 19. Qd2 Qc7 20. Rc1 Nc5 21. Nxc5 dxc5
22. Ne4 Nxd5 23. Bb1 Nxe3 24. Qxe3 Bb5 25. a4 Bxa4 26. O-O Qe7 27. Nxc5 Bb5 28.
Rfd1 Rfc8 29. Ba2 Be8 30. Nd3 e4 31. f3 Bb5 32. Rxc8+ Rxc8 33. Nf4 Kh7 34. Nd5
Qc5 35. Qxc5 Rxc5 36. b4 axb4 37. fxe4 Ba4 38. Rb1 Bd4+ 39. Kh1 Bc2 40. Re1 b3
41. Bb1 Bxb1 42. Rxb1 b2 0-1

[Event "17. Šahovski festival "]
[Site "Senta"]
[Date "2013.07.16"]
[Round "5.14"]
[White "Bejatovic, Bojana"]
[Black "Simonyi, Zoltan"]
[Result "0-1"]
[WhiteElo "2002"]
[BlackElo "2220"]
[PlyCount "94"]
[EventDate "2013.07.13"]

1. d4 c5 2. e3 Nf6 3. Nf3 e6 4. Bd3 Nc6 5. O-O d5 6. b3 Bd6 7. Bb2 Qe7 8. Nbd2
O-O 9. Ne5 cxd4 10. exd4 Ba3 11. Bxa3 Qxa3 12. Ndf3 Qe7 13. Re1 Bd7 14. Qd2
Rac8 15. c3 Rc7 16. Rac1 Rfc8 17. Bb1 Be8 18. Qg5 Ne4 19. Bxe4 dxe4 20. Nxc6
Qxg5 21. Nxg5 Bxc6 22. Nxe4 Bxe4 23. Rxe4 Rxc3 24. Rxc3 Rxc3 25. Kf1 Kf8 26.
Ke1 Rc1+ 27. Kd2 Ra1 28. a4 Ra2+ 29. Ke1 Rb2 30. Re3 b6 31. Rc3 g5 32. Rd3 h6
33. g4 Ke7 34. Rf3 f5 35. h3 f4 36. Kd1 Kd6 37. Ke1 Kd5 38. Rd3 Ke4 39. Rc3
Kxd4 40. Rc6 Kd5 41. Rc7 Rxb3 42. Rxa7 Rxh3 43. a5 bxa5 44. Rxa5+ Ke4 45. Ra6
Kf3 46. Rxe6 Rh1+ 47. Kd2 Kxf2 0-1

[Event "17. Šahovski festival "]
[Site "Senta"]
[Date "2013.07.16"]
[Round "5.15"]
[White "Domany, Zsofia"]
[Black "Markovic, Aleksandar"]
[Result "1/2-1/2"]
[WhiteElo "2158"]
[BlackElo "2111"]
[PlyCount "148"]
[EventDate "2013.07.13"]

1. e4 c5 2. Nf3 d6 3. d4 cxd4 4. Nxd4 Nf6 5. Nc3 g6 6. Be3 Bg7 7. f3 O-O 8. Qd2
Nc6 9. Bc4 Bd7 10. O-O-O Rb8 11. h4 Na5 12. Bb3 b5 13. Bh6 Bxh6 14. Qxh6 e5 15.
Nde2 b4 16. Nd5 Nxb3+ 17. cxb3 Nxd5 18. Rxd5 Be6 19. Rd2 a5 20. Kb1 Rb6 21.
Rhd1 Rc6 22. f4 Qe7 23. f5 Bc8 24. Ng3 Rd8 25. f6 Qf8 26. Qe3 Bg4 27. Rf1 h5
28. Nh1 Kh7 29. Nf2 Be6 30. g4 hxg4 31. Qg5 Qh6 32. Rg1 Rdc8 33. Rdd1 Qxg5 34.
hxg5 Rh8 35. Nxg4 Bxg4 36. Rxg4 Kg8 37. Rg2 Rh5 38. Rgd2 Rxg5 39. Rxd6 Rxd6 40.
Rxd6 Rg4 41. Rd8+ Kh7 42. Rf8 g5 43. Rxf7+ Kg6 44. Rf8 Rxe4 45. f7 g4 46. Kc2
Kg7 47. Ra8 Kxf7 48. Kd3 Rf4 49. Rxa5 Kf6 50. Ke3 Kf5 51. Ra8 Rf3+ 52. Ke2 e4
53. Rf8+ Ke5 54. Re8+ Kf4 55. Rf8+ Kg3 56. Re8 e3 57. Re4 Rf2+ 58. Kxe3 Rxb2
59. Rxb4 Rxa2 60. Rb8 Kh2 61. Rh8+ Kg2 62. b4 g3 63. b5 Rb2 64. Rh5 Kg1 65. Rg5
g2 66. Kd4 Rc2 67. b6 Rc6 68. b7 Rb6 69. Rg7 Kh2 70. Rh7+ Kg3 71. Rg7+ Kf3 72.
Rf7+ Ke2 73. Re7+ Kf2 74. Rf7+ Ke1 1/2-1/2

[Event "17. Šahovski festival "]
[Site "Senta"]
[Date "2013.07.16"]
[Round "5.16"]
[White "Miladinovic, Lena"]
[Black "Suc, Timothy"]
[Result "1-0"]
[WhiteElo "2083"]
[BlackElo "2137"]
[PlyCount "113"]
[EventDate "2013.07.13"]

1. d4 d6 2. Nf3 g6 3. c4 Nf6 4. Nc3 Bf5 5. h3 Ne4 6. Nxe4 Bxe4 7. Ng5 Bc6 8. d5
Bd7 9. Qd4 f6 10. h4 Bg7 11. h5 c5 12. Qc3 h6 13. Ne6 Bxe6 14. dxe6 Qc8 15. Qd3
Qxe6 16. Qxg6+ Qf7 17. Qd3 Nc6 18. Bf4 O-O-O 19. g3 e5 20. Be3 d5 21. cxd5 Rxd5
22. Qf5+ Kb8 23. Bg2 Nd4 24. Bxd4 Rxd4 25. O-O Rhd8 26. Rac1 Bf8 27. Rc2 Be7
28. b3 Qe8 29. e3 Rd2 30. Qf3 R2d7 31. Rd2 f5 32. Rfd1 e4 33. Qf4+ Ka8 34. Rxd7
Rxd7 35. Rxd7 Qxd7 36. Qxh6 a6 37. Qg7 Qd1+ 38. Bf1 Qd6 39. h6 Bf6 40. Qg8+ Ka7
41. h7 Qe5 42. a4 f4 43. gxf4 Qb2 44. Qc4 Bh4 45. Qxc5+ Ka8 46. Qc8+ Ka7 47.
Qc5+ Ka8 48. Be2 Qa1+ 49. Kh2 Bxf2 50. Qc8+ Ka7 51. Qc5+ Ka8 52. Qc8+ Ka7 53.
Bd1 Qg7 54. Qc5+ Ka8 55. Qc8+ Ka7 56. Qg8 Qh6+ 57. Kg2 1-0

[Event "17. Šahovski festival "]
[Site "Senta"]
[Date "2013.07.16"]
[Round "5.17"]
[White "Savic, Dragan"]
[Black "Korponai, Akos"]
[Result "0-1"]
[WhiteElo "2106"]
[BlackElo "1786"]
[PlyCount "108"]
[EventDate "2013.07.13"]

1. c3 Nf6 2. d4 d5 3. Nd2 e6 4. Ngf3 c5 5. g3 cxd4 6. cxd4 Nc6 7. Bg2 Bd6 8.
O-O O-O 9. a3 b5 10. Nb3 Qb6 11. Be3 Bb7 12. Rc1 Rfc8 13. h3 a5 14. Nc5 a4 15.
Qd3 Na5 16. Bg5 Ne4 17. Nd7 Qa6 18. Bf4 Nc4 19. Rc2 f6 20. Rfc1 Bxf4 21. gxf4
Nxb2 22. Qe3 Rxc2 23. Rxc2 Nc4 24. Qc1 Qd6 25. Nc5 Nxc5 26. dxc5 Qxc5 27. Rc3
Rc8 28. Nd2 Qd6 29. e3 Qd7 30. Nf3 Rc5 31. Bf1 Qc8 32. Nd4 e5 33. Ne2 Qc6 34.
Bg2 Qb6 35. fxe5 fxe5 36. Qb1 Qg6 37. Qxg6 hxg6 38. Nc1 Kf7 39. Nd3 Rc8 40. Nb4
Ke6 41. Rd3 e4 42. Rc3 g5 43. Nc2 Nd6 44. Rxc8 Bxc8 45. h4 gxh4 46. Nd4+ Kf6
47. f3 Bd7 48. f4 Nc4 49. Nc2 Bg4 50. Bf1 Bd1 51. Nb4 Ke6 52. f5+ Kd6 53. Na2
Kc5 54. Nc3 Bg4 0-1

[Event "17. Šahovski festival "]
[Site "Senta"]
[Date "2013.07.16"]
[Round "5.18"]
[White "Kaszas, Viktor"]
[Black "Kovacs, Arthur"]
[Result "1-0"]
[WhiteElo "2040"]
[BlackElo "1995"]
[PlyCount "51"]
[EventDate "2013.07.13"]

1. e4 c6 2. d4 d5 3. e5 Bf5 4. Nc3 e6 5. g4 Bg6 6. Nge2 c5 7. h4 h5 8. Nf4 Bh7
9. Nxh5 Nc6 10. dxc5 Bxc5 11. Bb5 Kf8 12. Bxc6 bxc6 13. Qe2 Rb8 14. Nf4 Bd4 15.
Nh5 Qa5 16. O-O Qc7 17. Re1 Ne7 18. Nf4 Rb4 19. a3 Rc4 20. h5 Bxc3 21. bxc3 Re4
22. Be3 Qxe5 23. Qd2 Bf5 24. f3 Rc4 25. Bd4 Qd6 26. Rab1 1-0

[Event "17. Šahovski festival "]
[Site "Senta"]
[Date "2013.07.17"]
[Round "6.1"]
[White "Drazic, Sinisa"]
[Black "Kosanovic, Goran A"]
[Result "1/2-1/2"]
[WhiteElo "2464"]
[BlackElo "2372"]
[PlyCount "23"]
[EventDate "2013.07.13"]

1. b4 Nf6 2. c4 g6 3. Nf3 Bg7 4. d4 d5 5. e3 O-O 6. Nc3 c6 7. a4 Bg4 8. Qb3
Bxf3 9. gxf3 dxc4 10. Bxc4 Nbd7 11. Be2 e5 12. d5 1/2-1/2

[Event "17. Šahovski festival "]
[Site "Senta"]
[Date "2013.07.17"]
[Round "6.2"]
[White "Dudukovic, Nikola"]
[Black "Nestorovic, Dejan"]
[Result "1/2-1/2"]
[WhiteElo "2321"]
[BlackElo "2411"]
[PlyCount "117"]
[EventDate "2013.07.13"]

1. c4 e6 2. g3 Nf6 3. Bg2 d5 4. Nf3 Be7 5. O-O O-O 6. d3 c5 7. Nbd2 Nc6 8. a3
h6 9. Rb1 a5 10. h3 Re8 11. cxd5 exd5 12. Re1 Bf8 13. b3 Bf5 14. Bb2 d4 15. Rc1
Rc8 16. Nf1 Nd5 17. N3d2 b6 18. Ne4 Be6 19. Ned2 Qd7 20. Kh2 Be7 21. a4 Ncb4
22. Nc4 Bg5 23. Nfd2 Bf5 24. Rf1 Rc6 25. f4 Bf6 26. Ne4 Rce6 27. Qd2 Bd8 28.
Rf2 Bc7 29. Rcf1 Qd8 30. Kg1 Nf6 31. Nxf6+ Rxf6 32. e4 dxe3 33. Nxe3 Qxd3 34.
Bxf6 Rxe3 35. Bh4 Qxd2 36. Rxd2 Rxb3 37. Re1 Be6 38. Bd8 Bxd8 39. Rxd8+ Kh7 40.
g4 g6 41. Be4 Kg7 42. f5 gxf5 43. gxf5 Bd5 44. Rxd5 Nxd5 45. Bxd5 Rd3 46. Be4
Rxh3 47. Kg2 Rb3 48. Rd1 Rb4 49. Kf3 Kf6 50. Kf4 Ke7 51. Ra1 Rd4 52. Ke3 Kd6
53. Bc2 h5 54. Rf1 f6 55. Rg1 Rc4 56. Kd3 Rd4+ 57. Ke3 Rc4 58. Kd3 Rd4+ 59. Ke3
1/2-1/2

[Event "17. Šahovski festival "]
[Site "Senta"]
[Date "2013.07.17"]
[Round "6.3"]
[White "Leskur, Dejan"]
[Black "Balog, Imre"]
[Result "1/2-1/2"]
[WhiteElo "2391"]
[BlackElo "2547"]
[PlyCount "217"]
[EventDate "2013.07.13"]

1. e4 e6 2. d4 d5 3. Nc3 Nf6 4. Bg5 Be7 5. e5 Nfd7 6. Bxe7 Qxe7 7. f4 a6 8. Nf3
Nb6 9. Bd3 Bd7 10. O-O Nc6 11. a3 f6 12. Ne2 O-O-O 13. b3 fxe5 14. fxe5 g5 15.
Qd2 Rhg8 16. Qe3 Rdf8 17. Nd2 h6 18. Rxf8+ Rxf8 19. c4 dxc4 20. bxc4 Rd8 21.
Be4 Be8 22. Rc1 Kb8 23. c5 Nd5 24. Bxd5 Rxd5 25. Ne4 Rd8 26. Nf6 Na7 27. h3 Bc6
28. Rb1 Ka8 29. Qb3 Qf7 30. Rb2 Rb8 31. a4 Qe7 32. Nc3 Rd8 33. Rd2 Bd7 34. Qc4
Nc6 35. Rb2 Bc8 36. Ne2 Qg7 37. Qc3 Qg6 38. Qe3 Qf5 39. Kh2 Qf1 40. Rd2 Qe1 41.
d5 exd5 42. Rxd5 Rf8 43. Rd3 Qf1 44. Ng3 Qf4 45. Nd5 Qxe5 46. Qxe5 Nxe5 47. Re3
Nc4 48. Nxc7+ Kb8 49. Re7 Nb2 50. a5 Nc4 51. Nd5 Nxa5 52. Ne4 Nc4 53. Rg7 a5
54. Nec3 Be6 55. Rh7 Bxd5 56. Nxd5 a4 57. Rxh6 a3 58. Nb4 Na5 59. Rb6 Kc7 60.
Nd5+ Kd7 61. Nb4 Ra8 62. Na2 Kc7 63. Rb4 Nc6 64. Rb3 Ra4 65. Rg3 Nd4 66. Rxg5
Ne6 67. Re5 Kd7 68. Kg3 Ke7 69. h4 Kf6 70. Rd5 Ra5 71. h5 Nxc5 72. Kh4 b6 73.
Rd6+ Kf5 74. g4+ Kf4 75. Rxb6 Ne4 76. Rb8 Rc5 77. Rb3 Rc2 78. Rxa3 Rh2+ 79. Rh3
Rg2 80. Ra3 Rh2+ 81. Rh3 Rxa2 82. h6 Rg2 83. h7 Nf6 84. Ra3 Nxh7 85. Ra4+ Ke5
86. Ra5+ Kf6 87. g5+ Nxg5 88. Ra6+ Kf5 89. Ra5+ Kf4 90. Ra4+ Ne4 91. Kh5 Rg8
92. Kh6 Rc8 93. Kg6 Rc6+ 94. Kf7 Ke5 95. Ra5+ Nc5 96. Ra1 Nd3 97. Ra5+ Ke4 98.
Ra1 Rb6 99. Ke7 Kf5 100. Kd7 Ne5+ 101. Kc7 Rb2 102. Kd6 Nd3 103. Kd5 Rb8 104.
Kd4 Rd8+ 105. Ke3 Nf4 106. Ra5+ Kg4 107. Ra4 Rd3+ 108. Ke4 Kg3 109. Ra8 1/2-1/2

[Event "17. Šahovski festival "]
[Site "Senta"]
[Date "2013.07.17"]
[Round "6.4"]
[White "Vucinic, Gojko"]
[Black "Lazic, Miroljub"]
[Result "0-1"]
[WhiteElo "2252"]
[BlackElo "2467"]
[PlyCount "76"]
[EventDate "2013.07.13"]

1. e4 e5 2. Nf3 Nc6 3. Bb5 a6 4. Ba4 Nf6 5. O-O Be7 6. d3 b5 7. Bb3 d6 8. a4
Rb8 9. Nc3 O-O 10. Be3 Na5 11. Ba2 b4 12. Nd5 Nxd5 13. Bxd5 c6 14. Ba2 Bg4 15.
Bc4 Nxc4 16. dxc4 f5 17. Qd3 fxe4 18. Qxe4 Qc8 19. c5 Bf5 20. Qc4+ d5 21. Qb3
Bf6 22. Bg5 Qd8 23. Nxe5 Bxg5 24. Nxc6 Qd7 25. Nxb8 Rxb8 26. c6 Qd6 27. Rad1
Be6 28. Rfe1 Bf6 29. c4 d4 30. c5 Qd5 31. c7 Rc8 32. Qxb4 Rxc7 33. Qb8+ Rc8 34.
Qb6 Bd7 35. Qxa6 Rxc5 36. b3 h6 37. Qb6 Kh7 38. b4 Bc6 0-1

[Event "17. Šahovski festival "]
[Site "Senta"]
[Date "2013.07.17"]
[Round "6.5"]
[White "Stankovic, Milos"]
[Black "Stanojevic, Branko"]
[Result "1-0"]
[WhiteElo "2396"]
[BlackElo "2302"]
[PlyCount "57"]
[EventDate "2013.07.13"]

1. e4 e6 2. d4 d5 3. Nc3 Bb4 4. e5 c5 5. Qg4 Ne7 6. dxc5 Nbc6 7. Bd2 Ng6 8. f4
Bd7 9. h4 h5 10. Qg3 Bxc5 11. Nf3 Nce7 12. Bd3 Qb6 13. O-O-O Be3 14. Ng5 Bf2
15. Qf3 Nxh4 16. Qe2 Nef5 17. Bxf5 Nxf5 18. Rxh5 Ke7 19. Qf3 Be3 20. Rxh8 Rxh8
21. g4 Bxd2+ 22. Rxd2 Nd4 23. Qf1 f6 24. exf6+ gxf6 25. Nf3 Nxf3 26. Qxf3 Bc6
27. f5 Qg1+ 28. Rd1 d4 29. Nd5+ 1-0

[Event "17. Šahovski festival "]
[Site "Senta"]
[Date "2013.07.17"]
[Round "6.6"]
[White "Nadj Hedjesi, Balind"]
[Black "Desnica, Vladan"]
[Result "1-0"]
[WhiteElo "2389"]
[BlackElo "2257"]
[PlyCount "61"]
[EventDate "2013.07.13"]

1. d4 Nf6 2. Bf4 e6 3. e3 b6 4. Nf3 Bb7 5. h3 c5 6. c3 Be7 7. Nbd2 O-O 8. Bd3
cxd4 9. exd4 d6 10. O-O Re8 11. Re1 Nbd7 12. a4 a6 13. Qe2 Nf8 14. Bh2 Ng6 15.
Ng5 Nd5 16. Nxf7 Kxf7 17. Qxe6+ Kf8 18. Bc4 Bf6 19. Bxd6+ Be7 20. Ne4 Bxd6 21.
Qf5+ Nf6 22. Ng5 Rxe1+ 23. Rxe1 Bh2+ 24. Kh1 Bxg2+ 25. Kxh2 Qc7+ 26. Kg1 Qxc4
27. Nxh7+ Kf7 28. Ng5+ Kg8 29. Qxg6 Bc6 30. Re7 Ne8 31. Rf7 1-0

[Event "17. Šahovski festival "]
[Site "Senta"]
[Date "2013.07.17"]
[Round "6.7"]
[White "Radusinovic, Lazar"]
[Black "Dragovic, Momcilo"]
[Result "0-1"]
[WhiteElo "2310"]
[BlackElo "2387"]
[PlyCount "108"]
[EventDate "2013.07.13"]

1. d4 Nf6 2. Nf3 g6 3. g3 Bg7 4. Bg2 O-O 5. O-O d6 6. c4 Nc6 7. d5 Na5 8. Nfd2
c6 9. a3 cxd5 10. cxd5 Qc7 11. Ra2 Bf5 12. e4 Bg4 13. f3 Bd7 14. b4 Nc4 15.
Nxc4 Qxc4 16. Rff2 Ba4 17. Qe1 Nd7 18. f4 Nf6 19. Rae2 Ng4 20. Rf3 Rac8 21. Bd2
Bb5 22. Bf1 Qc2 23. Rg2 Bd4+ 24. Kh1 Bxf1 25. Rxf1 Nf6 26. Re2 Qd3 27. Kg2 Rc2
28. Rf3 Qc4 29. a4 Qa2 30. Na3 Rb2 31. Rd3 Rc8 32. Rxd4 Qxa3 33. e5 Ne8 34. f5
dxe5 35. Rxe5 Qc3 36. Qf2 Qc7 37. fxg6 hxg6 38. Re2 Qc2 39. Rxe7 Nd6 40. g4
Qxa4 41. Kh3 Qb3+ 42. Qg3 Nb5 43. Rd3 Qc4 44. Qf3 Rf8 45. Bh6 Nd4 46. Qf6 Qxd3+
47. Re3 Qxe3+ 48. Bxe3 Rb3 49. Qxd4 Re8 50. d6 Rexe3+ 51. Kh4 Rbd3 52. Qxa7 Kg7
53. Kg5 f6+ 54. Kf4 g5+ 0-1

[Event "17. Šahovski festival "]
[Site "Senta"]
[Date "2013.07.17"]
[Round "6.8"]
[White "Sente, Damir"]
[Black "Andrijevic, Milan"]
[Result "1/2-1/2"]
[WhiteElo "2082"]
[BlackElo "2322"]
[PlyCount "107"]
[EventDate "2013.07.13"]

1. d4 d5 2. c4 e6 3. Nc3 Nf6 4. Nf3 c5 5. cxd5 Nxd5 6. e4 Nxc3 7. bxc3 cxd4 8.
cxd4 Bb4+ 9. Bd2 Bxd2+ 10. Qxd2 O-O 11. Bc4 Nc6 12. O-O b6 13. Rad1 Na5 14. Bd3
Bb7 15. Rfe1 Qe7 16. Qf4 f6 17. d5 e5 18. Qd2 Rac8 19. Rc1 Qd6 20. Rxc8 Rxc8
21. Rc1 Rc5 22. Qb2 Qc7 23. Rxc5 Qxc5 24. Nd2 Bc8 25. Kf1 Bd7 26. a3 Nb7 27.
Ba6 Nd6 28. Qb4 Qxb4 29. axb4 Kf7 30. Ke2 Ke7 31. Kd3 Kd8 32. Nc4 Kc7 33. Nxd6
Kxd6 34. Kc4 f5 35. f3 g5 36. g3 g4 37. fxg4 fxe4 38. h3 h6 39. b5 Be8 40. h4
Bg6 41. Bb7 e3 42. Kc3 e4 43. h5 Bh7 44. Kc2 Bg8 45. Kd1 Kc5 46. Bc6 Bf7 47.
Ke2 Kd6 48. Kxe3 Ke5 49. Bb7 Be8 50. Bc6 Bf7 51. Ba8 Be8 52. Bc6 Bf7 53. Bb7
Be8 54. Bc6 1/2-1/2

[Event "17. Šahovski festival "]
[Site "Senta"]
[Date "2013.07.17"]
[Round "6.9"]
[White "Cica, Dragan"]
[Black "Kokeza, Mirko"]
[Result "1/2-1/2"]
[WhiteElo "2063"]
[BlackElo "2315"]
[PlyCount "93"]
[EventDate "2013.07.13"]

1. e4 c5 2. Nf3 d6 3. d4 cxd4 4. Nxd4 Nf6 5. Nc3 g6 6. f3 Bg7 7. Be3 O-O 8. Qd2
Nc6 9. O-O-O Nxd4 10. Bxd4 Be6 11. Kb1 Qc7 12. h4 Rfc8 13. h5 Qa5 14. Nd5 Qxd2
15. Nxf6+ Bxf6 16. Rxd2 Bxd4 17. Rxd4 Rc5 18. hxg6 hxg6 19. Rb4 Rac8 20. c3
R8c7 21. Rb5 Kg7 22. Rxc5 Rxc5 23. Kc2 Kf6 24. Rh8 Kg5 25. g3 d5 26. Bd3 dxe4
27. Bxe4 Bf5 28. Rh4 b6 29. b4 Rc7 30. Bxf5 Kxf5 31. Rf4+ Ke6 32. Re4+ Kf6 33.
Rf4+ Kg7 34. Rd4 f5 35. Kd3 e6 36. c4 Kf6 37. Rd8 e5 38. Rf8+ Kg7 39. Ra8 Kf6
40. Rf8+ Kg5 41. Re8 Kf6 42. Rf8+ Ke6 43. Re8+ Kf6 44. Rf8+ Ke7 45. Rg8 Kf7 46.
Rh8 Kf6 47. Rf8+ 1/2-1/2

[Event "17. Šahovski festival "]
[Site "Senta"]
[Date "2013.07.17"]
[Round "6.10"]
[White "Tancik, Kristijan"]
[Black "Manojlovic, Sava"]
[Result "1/2-1/2"]
[WhiteElo "2272"]
[BlackElo "2127"]
[PlyCount "50"]
[EventDate "2013.07.13"]

1. d4 Nf6 2. c4 e6 3. Nf3 c5 4. d5 exd5 5. cxd5 d6 6. Nc3 g6 7. Bf4 a6 8. Nd2
Nh5 9. Qa4+ Nd7 10. Qe4+ Qe7 11. Bxd6 Qxe4 12. Ndxe4 f5 13. Bxf8 Rxf8 14. Nd6+
Ke7 15. Nxc8+ Raxc8 16. O-O-O Kd6 17. e3 Rce8 18. Be2 Nhf6 19. Rhe1 b5 20. a4
b4 21. Nb1 a5 22. Bb5 Re5 23. Nd2 Nb6 24. Nc4+ Nxc4 25. Bxc4 Rfe8 1/2-1/2